The impact of flooding and flood risk on residential property value and the cost of insurance (Record no. 106990)

MARC details
000 -LEADER
fixed length control field 01222cam a22002295a 4500
001 - CONTROL NUMBER
control field L138058
008 - FIXED-LENGTH DATA ELEMENTS--GENERAL INFORMATION
fixed length control field 070515e2005 xxk f 100 0 eng d
035 ## - SYSTEM CONTROL NUMBER
System control number (Sirsi) u138058
041 0# - LANGUAGE CODE
Language code of text/sound track or separate title eng
100 1# - MAIN ENTRY--PERSONAL NAME
Personal name Wordsworth, Paul
245 04 - TITLE STATEMENT
Title The impact of flooding and flood risk on residential property value and the cost of insurance
Medium [electronic resource]
260 ## - PUBLICATION, DISTRIBUTION, ETC.
Date of publication, distribution, etc. 2005
490 #0 - SERIES STATEMENT
Series statement COBRA
Volume/sequential designation 2005
520 ## - SUMMARY, ETC.
Summary, etc. Discusses whether and to what extent residential property value is influenced by flood risk, and the consequent cost and availability of building insurance. Reports that a recent flood event does adversely affect the value of a residential property, though the degree of discounting is not consistent between valuers, and depends on their personal perceptions.
651 #4 - SUBJECT ADDED ENTRY--GEOGRAPHIC NAME
Geographic name United Kingdom
Chronological subdivision
690 ## - LOCAL SUBJECT ADDED ENTRY--TOPICAL TERM (OCLC, RLIN)
Topical term or geographic name as entry element ENVIRONMENTAL AND LAND CONSULTANCY-WATER RESOURCE MANAGEMENT-FLOODING
700 1# - ADDED ENTRY--PERSONAL NAME
Personal name Proverbs, David
700 1# - ADDED ENTRY--PERSONAL NAME
Personal name Antwi, Adarkwah
711 2# - ADDED ENTRY--MEETING NAME
Meeting name or jurisdiction name as entry element Construction and Building Research Conference
Location of meeting University of Queensland, Brisbane
Date of meeting or treaty signing 4-5 July 2005
856 40 - ELECTRONIC LOCATION AND ACCESS
Uniform Resource Identifier <a href="https://www.rics.org/site/scripts/download_info.aspx?downloadID=1741">https://www.rics.org/site/scripts/download_info.aspx?downloadID=1741</a>
Public note View the item free of charge at www.rics.org...
942 ## - ADDED ENTRY ELEMENTS (KOHA)
Suppress in OPAC 0
Holdings
Withdrawn status Lost status Source of classification or shelving scheme Damaged status Not for loan Home library Current library Shelving location Date acquired Total Checkouts Full call number Barcode Date last seen Copy number Price effective from Koha item type
    Dewey Decimal Classification     Virtual Virtual Online 15/05/2007   ONLINE PUBLICATION 138058-2001 06/08/2019 1 06/08/2019 Book